000 00753nam a2200205 i 4500
001 25528
003 ES-MaACL
005 20230906153304.0
007 t|
008 021227s1976 sp ||||1| spa d
100 1 _aArias Navarro, Carlos.
_922794
245 1 0 _aHacia una plenitud democrática
_b: discurso pronunciado en el Pleno de las Cortes Españolas, el día 28 de enero de 1976 /
_cCarlos Arias Navarro.
260 _a[Madrid] :
_bEdiciones del Movimiento,
_c[1976]
300 _a39 p., 6 lám. ;
_c21 cm.
651 4 _aEspaña-
_xHistoria-
_y1975-1982, Transición.
_9149272
710 1 _aEspaña.
_bCortes Españolas.
_9171820
710 2 _aEdiciones del Movimiento.
_9171800
852 _aES-MaACL
_j2096-F-18
852 _aES-MaACL
_j2096-F-19
999 _c25528
_d25528